Statystyki dla Czy znasz dawne waluty członków strefy Euro?

Kliknij tutaj aby rozwiązać quiz!

Ogólne statystyki

  • Ten quiz został rozwiązany 41 razy
    (21 od ostatniego zresetowania)
  • Średni wynik to 9 z 23

Statystyki odpowiedzi

KrajLataOdpowiedź% Poprawnych
Niemcy1871 - 2002Marka niemiecka
90%
Chorwacja1994-2022Kuna chorwacka
81%
Słowacja1939 - 1945 1993-2008Korona Słowacka
62%
Włochy1861 - 2002Lira włoska
57%
Irlandia1928 - 2002Funt irlandzki
52%
Litwa1922 - 1941 1993 - 2014Lit
52%
Belgia1832 - 2002Frank belgijski
48%
Łotwa1922 - 1941 1993 - 2013Łat
48%
Austria1925 - 1938 1945 - 2002Szyling austriacki
48%
Grecja1832 - 2002Drachma grecka
43%
Francja1795 - 2002Frank Francuski
43%
Watykan1861 - 2002Lira włoska
43%
Holandia~1600 - 2002Gulden holenderski
38%
Luksemburg1854 - 2002Frank luksemburski
33%
San Marino1861-2002Lira włoska
33%
Finlandia1861 - 2002Marka fińska
33%
Hiszpania1868 - 2002Peseta hiszpańska
29%
Estonia1928 -1941 1991-2010Korona estońska
24%
Portugalia1911 - 2002Escudo portugalskie
19%
Malta1968 - 2007Lira Maltańska
19%
Czarnogóra1909 - 2002 (1918 - 1991) 2001Preper czarnogórski /
Dinar / Marka niemiecka
19%
Monako? - 2002Frank monakijski
14%
Słowenia1991 - 2006Tolar
10%

Rozkład punktacji

Percentyl według liczby udzielonych odpowiedzi

Procent ludzi z każdym wynikiem

Twoja historia wyników

Nie rozwiązałeś tego quizu od ostatniego zresetowania